| 000 | 00508nam a22001577a 4500 | ||
|---|---|---|---|
| 020 | _qHard Cover. | ||
| 082 | _a658 | ||
| 100 | _aFarooq, Shamsher | ||
| 245 |
_aAddressing the Challenges in Evolution of HR function to bexome a Strategic Businesss Partner _cShamsher Farooq. |
||
| 260 |
_aIslamabad: _bNBS - NUST, _c2017. |
||
| 300 |
_a54 p.: ill.; _c30cm. |
||
| 650 |
_aMBA-Thesis _917629 |
||
| 700 |
_aDr. Asfia Obaid. _917675 |
||
| 942 |
_2ddc _cTHE |
||
| 999 |
_c529686 _d529686 |
||